| 000 | 00580nam a2200193 a 4500 | ||
|---|---|---|---|
| 001 | 259 | ||
| 003 | CDMR | ||
| 005 | 20131015094648.0 | ||
| 008 | 130130s1981||||||||||||||||||||||||||||d | ||
| 020 | _a8474920825 | ||
| 040 |
_aCDMR _bcat _cCDMR |
||
| 100 | 1 |
_aFernández Pulpeiro, Juan Carlos _9169 |
|
| 245 | 1 | 0 |
_aApuntes para la historia de la prensa del siglo XIX en Galicia _cJuan Carlos Fernandez Pulpeiro |
| 260 |
_aLa Coruña _bDe Castro _c1981 |
||
| 300 | _a336 p. | ||
| 490 | 0 | _aSerie Investigación Universitaria | |
| 650 | 0 | 4 |
_93682 _aPremsa _zGalícia _yS. XIX |
| 942 |
_cMON _2udc |
||
| 999 |
_c259 _d259 |
||